00652 2200253 4500001002100000005001500021035002000036245003000056100001300086260004000099300002400139008004100163020001800204082001900222084002500241250000600266650002700272650001800299650002600317650002600343990000900369990000900378990001100387INLIS00000000000170620240506103613 a0010-10190009101 aBabalik Pikir /cSamsoedi aSamsoedi aBandung :bKiblat Buku Utama,c2018 a72 Halaman ;c21 CM240506 d j  a9789798003530 a398.209 598 24 a398.209 598 24 SAM b a1 4aCerita Rakyat -- Sunda 4aDongeng Sunda 4aFolklore -- Sundanese 4aSundanese Fairy Tales a4797 a4798 a045/21